000 00733cam a2200229 a 4500
001 000001928
005 20200929145747.0
008 750516s1979 sp 001 f spa
020 _a8420610275
040 _aDO-SdBNP
_bspa
_cBNPHU
082 _a863.64
_bU54s, 1979
100 1 _aUnamuno, Miguel de,
_d1864-1936
_96254
245 1 0 _aSan Manuel Bueno, mártir :
_bcómo se hace una novela /
_cMiguel de Unamuno.
250 _a8a ed.
260 _aMadrid :
_bAlianza,
_c1979.
300 _a212 p. ;
_c18 cm.
490 1 _aLibro de bolsillo. Lireratura
_v27
650 4 _aNovela española
_91123
650 4 _aLiteratura española
_9632
830 3 _aLibro de bolsillo.
_pLireratura;
_v27
_96255
910 _aCatalogación por copia / LC
999 _c1794
_d1794